Top 10 Biggest Economies in Oceania - Statistics

General Stats
  • This quiz has been taken 54 times
  • The average score is 10 of 10
Answer Stats
GDP Country % Correct
1,390,000 mil Australia
98%
200,800 mil New Zealand
98%
321 mil Palau
98%
21,810 mil Papua New Guinea
98%
5,054 mil Fiji
96%
1,273 mil Solomon Islands
96%
437 mil Tonga
96%
837 mil Vanuatu
96%
329 mil Federated States of Micronesia
93%
844 mil Samoa
91%
No matching quizzes found
Score Distribution
Percent of People with Each Score
Percentile by Number Answered
Your Score History
You have not taken this quiz